000 01038nam a2200277 a 4500
005 20160721154918.0
008 150128b2007 -ca||||| |||| 00| 0 spa d
020 _a9292250647
040 _aCO-BoIAVH
_cCO-BoIAVH
041 _aeng
044 _acn
082 0 4 _a577.0285
_bE96e
090 _aLB
_b04963
110 2 _bSecretariat of the Convention on Biological Diversity
_973045
245 1 0 _aExploration of tools and methodologies for valuation of biodiversity and biodiversity resources and functions
260 _aMontreal:
_bSecretariat of the Convention on Biological Diversity,
_c2007.
300 _a71 p.
_bil.,
_c28 cm.
490 0 _aCBD Technical series ;
_v28
504 _a Incluye referencias bibliográficas (p. 36-41).
650 6 _aBiodiversity
_xvaluation
_973046
650 6 _aBiodiversity conservation
_xvaluation
_973047
710 2 _a Secretariat of the Convention on Biological Diversity.
_973048
856 _uhttp://www.cbd.int/doc/publications/cbd-ts-28.pdf
942 _cLIBRO
_2ddc
945 _d2007-07-24
999 _c5704
_d5704